Una educación holística para el siglo XXI

Gespeichert in:
Bibliographische Detailangaben
1. Verfasser: Fallas Jiménez, Carmen Liddy
Format: Text
Veröffentlicht: San José :
Schlagworte:
Tags: Tag hinzufügen
Keine Tags, Fügen Sie den ersten Tag hinzu!

MARC

LEADER 00000 a a2200000 04500
001 18832
003
040
090 |a 144512  
100 |a Fallas Jiménez, Carmen Liddy  
245 |a Una educación holística para el siglo XXI  
260 |a San José :  
300 |a 15 p.  
650 |a EDUCACION  
650 |a ASPECTOS EDUCATIVOS  
999 |c 15915  |d 15915